000 nam a22 7a 4500
999 _c332491
_d332491
003 NUST
005 20171208145535.0
008 171208b xxu||||| |||| 00| 0 eng d
020 _a13: 978-1599869773
_cAvailable
040 _aDLC
_bDLC
_cRCMS
082 _a909.82 TZU
100 _aSun Tzu
_97096
245 _aThe Art of War
_cTzu Sun
260 _bFiliquarian Publishing LLC
_cc,2006.
300 _a50,p:
_bill:
_c24,cm.
538 _iNew Arrivals Shelf # 1 Row No#2
600 _xPlay
_97097
856 _3Table of contents only
_uhttp://www.loc.gov/catdir/toc/ecip0716/2007017469.html
942 _2ddc
_cBK